<?xml version="1.0" encoding="UTF-8"?>
<record
    xmlns:xsi="http://www.w3.org/2001/XMLSchema-instance"
    xsi:schemaLocation="http://www.loc.gov/MARC21/slim http://www.loc.gov/standards/marcxml/schema/MARC21slim.xsd"
    xmlns="http://www.loc.gov/MARC21/slim">

  <leader>01014nam a22001577a 4500</leader>
  <controlfield tag="008">150327b        xxu||||| |||| 00| 0 eng d</controlfield>
  <datafield tag="020" ind1=" " ind2=" ">
    <subfield code="a">3907622537</subfield>
  </datafield>
  <datafield tag="082" ind1=" " ind2=" ">
    <subfield code="a">720.949.4</subfield>
    <subfield code="b">O55a</subfield>
  </datafield>
  <datafield tag="100" ind1=" " ind2=" ">
    <subfield code="a">Omlin, Sibylle</subfield>
    <subfield code="9">2340</subfield>
  </datafield>
  <datafield tag="245" ind1=" " ind2=" ">
    <subfield code="a">Arte de Suiza</subfield>
    <subfield code="b">Creacion artistica y sistema artistico en los siglos XIX y XX</subfield>
  </datafield>
  <datafield tag="260" ind1=" " ind2=" ">
    <subfield code="a">Suiza</subfield>
    <subfield code="b">Typotron</subfield>
    <subfield code="c">2003</subfield>
  </datafield>
  <datafield tag="300" ind1=" " ind2=" ">
    <subfield code="a">175 p</subfield>
    <subfield code="b">ill. </subfield>
    <subfield code="c">21 cm</subfield>
  </datafield>
  <datafield tag="505" ind1=" " ind2=" ">
    <subfield code="t">1. &#xBF;Qu&#xE9; es el arte suizo?</subfield>
    <subfield code="t">2. &#xBF;Una patria o ninguna? Rumbo a la naci&#xF3;n, rumbo a un arte suizo</subfield>
    <subfield code="t">3. La nueva vida. Entre la vanguardia y el arte al servicio de la patria.</subfield>
    <subfield code="t">4. Malestar/bienestar en un pa&#xED;s peque&#xF1;o. Regionalismo e internacionalismo despu&#xE9;s de la segunda guerra mundial.</subfield>
    <subfield code="t">Vista libre sobre el mediterraneo-El arte suizo de hoy. Entregas, urbanistas y teamplayers.</subfield>
    <subfield code="t">Arte y esfera p&#xFA;blica: condiciones e instituciones de la recepci&#xF3;n del arte en Suiza</subfield>
  </datafield>
  <datafield tag="650" ind1=" " ind2=" ">
    <subfield code="x">Suiza-Producci&#xF3;n de arte</subfield>
    <subfield code="x">Historia 1800-2000-arquitectura</subfield>
    <subfield code="x">Suiza-mercado del arte-historia 1800-2000</subfield>
    <subfield code="9">2341</subfield>
  </datafield>
  <datafield tag="700" ind1=" " ind2=" ">
    <subfield code="a">Sibylle Omlin</subfield>
    <subfield code="9">2342</subfield>
  </datafield>
  <datafield tag="999" ind1=" " ind2=" ">
    <subfield code="c">498</subfield>
    <subfield code="d">498</subfield>
  </datafield>
  <datafield tag="952" ind1=" " ind2=" ">
    <subfield code="0">0</subfield>
    <subfield code="1">0</subfield>
    <subfield code="2">ddc</subfield>
    <subfield code="4">0</subfield>
    <subfield code="7">0</subfield>
    <subfield code="a">LV</subfield>
    <subfield code="b">LV</subfield>
    <subfield code="c">Pensamiento</subfield>
    <subfield code="d">2015-03-27</subfield>
    <subfield code="l">0</subfield>
    <subfield code="o">720.949.4 O55a</subfield>
    <subfield code="p">000380</subfield>
    <subfield code="r">2015-03-27 00:00:00</subfield>
    <subfield code="w">2015-03-27</subfield>
    <subfield code="y">01</subfield>
  </datafield>
</record>
